00562nam a2200169 i 450000100060000000300090000600500170001500700030003200800410003510000160007624500490009226000690014130000350021049000630024583000630030885200210037129174ES-MaACL20230906154002.0t|030121s1911 fr ||||1| fre d1 aBardier, E.14aLes fonctions digestives / cpar E. Bardier. aParis : bOctave Dion et Fils, c1911 (fImpriméries Rèunis) aXII, 438 p. : bil. ; c18 cm.1 aEncyclopédie scientifique. Bibliothèque de physiologie0 aEncyclopédie scientifique. Bibliothèque de physiologie aES-MaACLjD-4312